| 000 | 00781nam a2200217 i 4500 | ||
|---|---|---|---|
| 001 | 159444 | ||
| 003 | ES-MaACL | ||
| 005 | 20230906211617.0 | ||
| 008 | 040909s1846 fr |||| | fre d | ||
| 040 |
_aCAM _bspa _cCAM |
||
| 080 | _a82.09"14/19" | ||
| 100 | 1 |
_aMennechet, Edouard. _9129833 |
|
| 245 | 1 | 0 |
_aEtudes sur les littératures modernes / _cpar Edouard Mennechet. |
| 260 |
_aParis : _bAncien Bureau du Plutarque Français : _bLibr. de Langlois et Leclercq, _c1846 ( _fPlon Frères) |
||
| 300 |
_a4 v. (VI, 492 ; 456 ; 454 ; 472 p.) ; _c21 cm. |
||
| 490 | 1 | _aMatinées littéraires | |
| 650 | 0 | 4 |
_aLiteratura moderna- _vHistoria y crítica. _914640 |
| 830 | 0 |
_aMatinées littéraires _9221937 |
|
| 852 |
_aES-MaACL _jG-13608-11 _z- Enc. hol. |
||
| 999 |
_c159444 _d159444 |
||